00544pab a2200181 454500008004000000100001600040245006600056260000900122300001100131362001200142650002900154650002100183773002000204908000600224909001000230999001700240952010500257180718b2012 xxu||||| |||| 00| 0 eng d aPowar, K.B. aInternationalization of higher education: The Indian scenario c2012 ap.1-6. a18 June aHigher education - India aHigher education aUniversity News aN a96800 c96800d96800 00104070aIIPAbIIPAd2018-07-19hVolume no: 50, Issue no: 25pAR97260r2018-07-19w2018-07-19yAR